| 000 | 00415nam a2200169 a 4500 | ||
|---|---|---|---|
| 001 | 36570 | ||
| 005 | 20180714005204.0 | ||
| 008 | 140415s1993 000 0 spa d | ||
| 020 | _a1562050826 | ||
| 041 | _aspa | ||
| 082 |
_a006.6 _bGUI |
||
| 245 | 0 | 2 | _aA GUIDE TO MULTIMEDIA |
| 250 | _a1a ed. | ||
| 260 |
_a[s.l.] : _bNEW RIDERS PUB, _c1993 |
||
| 300 | _a592 | ||
| 650 | 1 | 4 | _aSISTEMAS MULTIMEDIA |
| 999 |
_c36570 _d36570 |
||